Маленькая хозяйка Большого дома; Сердца трех

Λεπτομέρειες βιβλιογραφικής εγγραφής
Κύριος συγγραφέας: Лондон Дж. Джек
Άλλοι συγγραφείς: Станевич В. О. (переводчик), Кудраявцева Т. А.
Περίληψη:Исключено из фонда НТБ ТПУ
Γλώσσα:Ρωσικά
Έκδοση: Минск, Народная асвета, 1986
Μορφή: Βιβλίο
KOHA link:https://koha.lib.tpu.ru/cgi-bin/koha/opac-detail.pl?biblionumber=125232

MARC

LEADER 00000nam0a2200000 4500
001 125232
005 20231101215922.0
020 |a RU  |b 86-46793 
035 |a (RuTPU)RU\TPU\book\135515 
090 |a 125232 
100 |a 20071113d1986 m y0rusy5003 ca 
101 1 |a rus  |c eng 
102 |a RU 
105 |a y z 000ay 
200 1 |a Маленькая хозяйка Большого дома; Сердца трех  |f Дж. Лондон  |g пер. с англ. В. О. Станевич и Т. А. Кудраявцева 
210 |a Минск  |c Народная асвета  |d 1986 
215 |a 477,[2] с.  |c ил.  |d 23 см 
333 |a Исключено из фонда НТБ ТПУ 
675 |a 82  |z rus 
700 1 |a Лондон  |b Дж.  |c настоящее имя Джон Гриффит  |c американский писатель  |f 1876-1916  |g Джек  |2 stltpush  |3 (RuTPU)RU\TPU\pers\14989  |9 5109 
702 1 |a Станевич  |b В. О.  |4 730 
702 1 |a Кудраявцева  |b Т. А.  |4 730 
801 0 |a RU  |b RuMRKP  |c 19950704  |g psbo 
801 1 |a RU  |b 63413507  |c 20071113  |g PSBO 
801 2 |a RU  |b 63413507  |c 20211221  |g PSBO 
942 |c BK